Music Quiz

Random Music or Nintendo Quiz

Rustic Overtones Songs Quiz Stats

 Plays Quiz not verified by Sporcle

Score 0/77 Timer 14:00
0 Plays Today
Album Song % Correct
My DirtMy Dirt
100%
Long DivisionSimple Song
66.7%
Long DivisionAbout a Kid
66.7%
Long DivisionSpunk Drive 185
66.7%
Long Division20 Years
66.7%
Long DivisionDig
66.7%
Long DivisionPimp
66.7%
Long DivisionLong Division
66.7%
Long DivisionSlowly
66.7%
Long DivisionOutlaw Biker
66.7%
Long DivisionPop Trash
66.7%
My DirtMonth and a Half
66.7%
My DirtBad Truth
66.7%
My DirtDarryl
66.7%
Rooms By The HourFeast or Famine
66.7%
Rooms By The HourGirl Germs
66.7%
Rooms By The HourCheck
66.7%
Rooms By The HourThe Letter
66.7%
Rooms By The HourHardest Way Possible
66.7%
Rooms By The HourKicking and Screaming
66.7%
Rooms By The HourPink Belly
66.7%
Rooms By The HourSugarcoat
66.7%
Rooms By The HourThe Heist
66.7%
Rooms By The HourMachine Maker
66.7%
Rooms By The HourHistory Crush
66.7%
Rooms By The HourShaker
66.7%
Rooms By The HourIron Boots
66.7%
Rooms By The HourOuttro
66.7%
Viva NuevaC'mon
66.7%
Viva NuevaGas On Skin
66.7%
Viva NuevaLove Underground
66.7%
Viva NuevaHardest Way Possible
66.7%
Viva NuevaCrash Landing
66.7%
Viva NuevaSmoke
66.7%
Viva NuevaBaby Blue
66.7%
Viva NuevaRevolution AM
66.7%
Viva NuevaSector Z
66.7%
Viva NuevaCombustible
66.7%
Viva NuevaValentine's Day Massacre
66.7%
Album Song % Correct
Viva NuevaHit Man
66.7%
Viva NuevaCheck
66.7%
Viva NuevaBoys and Girls
66.7%
Viva NuevaBeekeeper
66.7%
Viva NuevaMan Without a Mouth
66.7%
Light At The EndThe Calm
66.7%
Light At The EndRock Like War
66.7%
Light At The EndDear Mr President
66.7%
Light At The EndTroublesome
66.7%
Light At The EndHardest Way Possible
66.7%
Light At The EndBlack Leather Bag
66.7%
Light At The EndOxygen
66.7%
Light At The EndCarsick
66.7%
Light At The EndCarnival
66.7%
Light At The EndLight at the End
66.7%
Light At The EndHappy
66.7%
The New Way OutThe New Way Out
66.7%
The New Way OutEverybody Needs to Be Somebody's Friend
66.7%
The New Way OutNuts and Bolts
66.7%
The New Way OutAll Together
66.7%
The New Way OutDownside of Looking Up
66.7%
The New Way OutLove and a 45
66.7%
The New Way OutKathleen Caffeine
66.7%
The New Way OutI Just Can't Shake You
66.7%
The New Way OutThe Same Does Not Apply
66.7%
The New Way OutCommon Cold
66.7%
The New Way OutArizona
66.7%
The New Way OutThe Smallest Spark That Beat the Sun
66.7%
Long Division (2008 Release Bonus Track)Red Afternoon
66.7%
Rooms By The Hour (2008 Release Bonus Track)Last Night's Band
66.7%
Rooms By The Hour (2008 Release Bonus Track)Cherry
66.7%
Long DivisionColors of Discipline
33.3%
Long DivisionFake Face
33.3%
Long DivisionFeel
33.3%
The New Way OutLike the Blues
33.3%
Long Division (2008 Release Bonus Track)Let Me Grabbitz
33.3%
Rooms By The Hour (2008 Release Bonus Track)Room 6
33.3%
Long Division (2008 Release Bonus Track)Redemption Pays
0%

You're not logged in!

Compare scores with friends on all Sporcle quizzes.
OR
Log In

Show Comments

Extras

Created Nov 13, 2010ReportNominate
Tags:Nintendo Quiz

Top Quizzes Today


Score Distribution

Your Account Isn't Verified!

In order to create a playlist on Sporcle, you need to verify the email address you used during registration. Go to your Sporcle Settings to finish the process.

Report this User

Report this user for behavior that violates our Community Guidelines.

Details: